| 000 | 00547nam a2200193Ia 4500 | ||
|---|---|---|---|
| 999 |
_c55856 _d55856 |
||
| 001 | 22953 | ||
| 003 | GE_BSU | ||
| 005 | 20250909193242.0 | ||
| 008 | 181216s1989||||rus|||||||||||||| ||rus|| | ||
| 020 | _a5250006590 | ||
| 040 | _cGE_BSU | ||
| 080 | _a7.01(038) Э-88 | ||
| 245 |
_aЭстетика / _bПод общ. ред. А.А. Беляева. Л. И. Новиковой. |
||
| 264 |
_aМосква : _bПолитиздат, _c1989. |
||
| 300 |
_a445 стр. ; _c21 см. |
||
| 541 | _h8 ლ. | ||
| 653 | _aЭстетика | ||
| 942 |
_cBK _2udc |
||